[Event "Legends of Chess Prelim"]
[Site "chess24.com INT"]
[Date "2020.07.27"]
[Round "7.3"]
[White "Svidler, P"]
[Black "Carlsen, M"]
[Result "1/2-1/2"]
[WhiteElo "2723"]
[BlackElo "2863"]
[EventDate "2020.07.21"]
[WhiteTitle "GM"]
[BlackTitle "GM"]
[WhiteFideId "4102142"]
[BlackFideId "1503014"]

1.c4 Nf6 2.Nc3 e5 3.g3 Bb4 4.e4 O-O 5.Nge2 b5 6.cxb5 a6 7.b6 cxb6 8.Bg2 
Nc6 9.O-O Bc5 10.d3 d6 11.h3 Bd7 12.Be3 Bxe3 13.fxe3 Ne7 14.d4 b5 15.dxe5 
dxe5 16.Qd6 Ng6 17.Nd5 Be6 18.Qxd8 Rfxd8 19.Nec3 Ne8 20.a4 Nd6 21.h4 Bg4 
22.Rfc1 h5 23.Bf1 Rac8 24.axb5 axb5 25.Bd3 Nc4 26.Nxb5 Nxb2 27.Bf1 Rxc1 
28.Rxc1 Rc8 29.Rxc8+ Bxc8 30.Be2 Bg4 31.Bxg4 hxg4 32.Nd6 Nd3 33.h5 Nh8 34.
h6 gxh6 35.Nf5 Kh7 36.Nf6+ Kg6 37.Nxg4 h5 38.Nf2 Nxf2 39.Kxf2 f6 40.Kf3 
Nf7 41.Kg2 Ng5 42.Nd6 Kg7 43.g4 hxg4 44.Kg3 Nxe4+ 45.Nxe4 f5 46.Nf2 f4+ 
47.exf4 exf4+ 48.Kxf4 g3 49.Kf3 gxf2 50.Kxf2 1/2-1/2

[Event "Legends of Chess Prelim"]
[Site "chess24.com INT"]
[Date "2020.07.28"]
[Round "8.1"]
[White "Kramnik, V"]
[Black "Svidler, P"]
[Result "0-1"]
[WhiteElo "2753"]
[BlackElo "2723"]
[EventDate "2020.07.21"]
[WhiteTitle "GM"]
[BlackTitle "GM"]
[WhiteFideId "4101588"]
[BlackFideId "4102142"]

1.e4 c5 2.Nf3 d6 3.d4 cxd4 4.Nxd4 Nf6 5.Nc3 a6 6.Be2 e6 7.f4 Be7 8.Be3 Qc7
9.Bf3 Nc6 10.g4 Nxd4 11.Qxd4 e5 12.Qd3 Nxg4 13.Nd5 Bh4+ 14.Ke2 Qc6 15.Rag1
Nxe3 16.Nxe3 g6 17.f5 Bd7 18.Rd1 O-O-O 19.c4 Qb6 20.Rd2 Bc6 21.Qc3 Rhg8 
22.b4 gxf5 23.Nxf5 Qf2+ 24.Kd1 Ba4+ 25.Kc1 Bg5 26.Bh5 Bf4 27.Ng3 Kb8 28.
Bd1 Bc6 29.Bc2 f5 30.Rd1 fxe4 31.Kb2 Bxd2 32.Rxd2 Qf3 33.b5 Qxc3+ 34.Kxc3 
e3 35.Re2 axb5 36.cxb5 Bxb5 37.Rxe3 Rg7 38.Kb4 Bc6 39.Bb3 Rg4+ 40.Ka3 Rh4 
41.Re2 Rf8 42.Bc2 e4 43.Kb2 d5 44.Kc3 Kc7 45.Kd4 e3+ 46.Kxe3 Re8+ 0-1

[Event "Legends of Chess Prelim"]
[Site "chess24.com INT"]
[Date "2020.07.22"]
[Round "2.3"]
[White "Kramnik, V"]
[Black "Giri, A"]
[Result "1/2-1/2"]
[WhiteElo "2753"]
[BlackElo "2764"]
[EventDate "2020.07.21"]
[WhiteTitle "GM"]
[BlackTitle "GM"]
[WhiteFideId "4101588"]
[BlackFideId "24116068"]

1.d4 Nf6 2.Nf3 d5 3.c4 e6 4.cxd5 exd5 5.Qc2 c6 6.Nc3 Be7 7.h3 O-O 8.Bf4 g6
9.e3 Bf5 10.Qb3 Qb6 11.Nd2 Nbd7 12.g4 Be6 13.Bd3 Qxb3 14.Nxb3 a5 15.Nd2 a4
16.a3 b5 17.f3 Nb6 18.Ke2 Ra7 19.Bc2 Rfa8 20.Rhc1 b4 21.axb4 Bxb4 22.Bd3 
Nc4 23.Bxc4 dxc4 24.e4 a3 25.bxa3 Rxa3 26.Rxa3 Rxa3 27.Ndb1 Rb3 28.Bh6 Ne8
29.Rc2 f5 30.Bd2 fxe4 31.fxe4 h5 32.Ra2 hxg4 33.hxg4 Bxg4+ 34.Ke3 Bf8 35.
Kf4 Be6 36.Kg5 Kf7 37.Kh4 Nd6 38.Ra7+ Rb7 39.Ra6 Nb5 40.d5 cxd5 41.exd5 
Bf5 42.Nxb5 Be7+ 43.Bg5 Bxg5+ 44.Kxg5 Rxb5 45.Ra7+ Ke8 46.Nc3 Rb3 47.Ne2 
Rb2 48.Nf4 c3 49.Rc7 c2 50.Nxg6 Kd8 51.d6 Bxg6 52.Kxg6 Rb6 53.Rxc2 Rxd6+ 
54.Kf5 1/2-1/2

[Event "Legends of Chess Prelim"]
[Site "chess24.com INT"]
[Date "2020.07.27"]
[Round "7.2"]
[White "Carlsen, M"]
[Black "Svidler, P"]
[Result "1/2-1/2"]
[WhiteElo "2863"]
[BlackElo "2723"]
[EventDate "2020.07.21"]
[WhiteTitle "GM"]
[BlackTitle "GM"]
[WhiteFideId "1503014"]
[BlackFideId "4102142"]

1.e4 e5 2.Nf3 Nc6 3.Bb5 a6 4.Ba4 Nf6 5.O-O Be7 6.d3 b5 7.Bb3 d6 8.c3 O-O 
9.Re1 Na5 10.Bc2 c5 11.d4 Nd7 12.dxc5 dxc5 13.Nbd2 Bb7 14.b3 Qc7 15.Nf1 
Rfd8 16.Qe2 Nb6 17.Ne3 g6 18.h4 Nc6 19.h5 b4 20.c4 Nd4 21.Nxd4 exd4 22.Nd5
Nxd5 23.exd5 Bf6 24.Bd3 Qd7 25.Qf3 Bg7 26.Bg5 Re8 27.Qf4 Bf8 28.Bf6 Rxe1+ 
29.Rxe1 Re8 30.Rxe8 Qxe8 31.Kf1 Bc8 32.Be5 Qd8 33.Bf6 Qd6 34.Qg5 h6 35.Qh4
Bg7 36.Be7 Qe5 37.hxg6 Bf5 38.gxf7+ Kxf7 39.Qh5+ Kxe7 40.Qxf5 Qxf5 41.Bxf5
Be5 42.g3 a5 43.Kg2 Kf6 44.Bd3 Bd6 45.Kh3 Kg5 46.f4+ Kf6 47.Kg4 Bc7 48.Kh4
Bd6 49.Kg4 Bc7 50.Kf3 Bd6 51.Ke4 Kg6 52.Be2 Kf6 53.Bh5 Bf8 54.Bg4 Bd6 55.
Kd3 Bf8 56.Kc2 Kg6 57.Kb2 h5 58.Bd7 h4 59.gxh4 Kh5 60.Kc2 Kxh4 61.Kd3 Kg3 
62.f5 Kf4 63.f6 Ke5 64.f7 Kf4 65.Be6 Bd6 66.Bd7 Bf8 67.Be6 Bd6 68.Ke2 Kg3 
69.Kd3 Kf4 1/2-1/2

[Event "Legends of Chess Prelim"]
[Site "chess24.com INT"]
[Date "2020.07.27"]
[Round "7.2"]
[White "Giri, A"]
[Black "Ding Liren"]
[Result "1/2-1/2"]
[WhiteElo "2764"]
[BlackElo "2791"]
[EventDate "2020.07.21"]
[WhiteTitle "GM"]
[BlackTitle "GM"]
[WhiteFideId "24116068"]
[BlackFideId "8603677"]

1.c4 e5 2.Nf3 e4 3.Nd4 Nc6 4.e3 Qf6 5.Nb5 Qd8 6.d3 Nf6 7.N1c3 a6 8.Nd4 Bb4
9.Qb3 Nxd4 10.exd4 Qe7 11.dxe4 Qxe4+ 12.Be3 Bxc3+ 13.Qxc3 d5 14.f3 Qe7 15.
c5 O-O 16.O-O-O Re8 17.Re1 Bf5 18.g4 Bg6 19.h4 h5 20.g5 Nd7 21.Bh3 Nf8 22.
Bd2 Qd8 23.b3 b6 24.Kb2 a5 25.a4 Ne6 26.Re5 bxc5 27.dxc5 Rb8 28.Rhe1 Rb4 
29.Bxe6 fxe6 30.Rxe6 Rxe6 31.Rxe6 d4 32.Qc1 Rxb3+ 33.Kxb3 Qd5+ 34.Ka3 Qxe6
35.Qb2 Qe5 36.Bxa5 Qxc5+ 37.Bb4 Qe5 38.Qc1 Qd5 39.Qxc7 Qxf3+ 40.Kb2 Qf2+ 
41.Ka3 Qxh4 42.a5 Qh3+ 43.Kb2 Qg2+ 44.Ka3 Qf3+ 45.Kb2 Qe2+ 46.Kc1 h4 47.a6
Qxa6 48.Qd8+ Kh7 49.Qxd4 Qf1+ 50.Kd2 Qg2+ 51.Ke1 Qg3+ 52.Qf2 Qe5+ 53.Qe2 
Qxg5 54.Be7 Qg3+ 55.Qf2 Qe5+ 56.Qe2 Qc3+ 57.Qd2 Qf3 58.Qf2 Qe4+ 59.Qe2 Qb7
60.Kf2 h3 61.Kg3 Qh1 62.Bc5 Qd5 63.Be3 Qe6 64.Qf2 Bf5 65.Kh2 Qe4 66.Bf4 
Be6 67.Qh4+ Kg8 68.Qf2 Kh7 69.Qh4+ Kg6 70.Qg3+ Kf7 71.Qf2 Ke8 72.Bg3 g5 
73.Qb2 Kf7 74.Qf2+ Kg6 75.Qf1 Bd7 76.Qf2 Bc6 77.Kxh3 Qh1+ 78.Bh2 Bd7+ 79.
Kg3 Qe4 80.Qf3 Qe1+ 81.Kg2 Qd2+ 82.Kg1 Qc1+ 83.Qf1 Qe3+ 84.Qf2 Qc1+ 85.Qf1
Qe3+ 86.Qf2 Qe4 87.Qg2 Qd3 88.Bg3 Be6 89.Be1 Bd5 90.Qg3 Qe4 91.Bd2 Qd4+ 
92.Be3 Qd1+ 93.Kf2 Qc2+ 94.Ke1 Qb1+ 1/2-1/2

[Event "Legends of Chess Prelim"]
[Site "chess24.com INT"]
[Date "2020.07.27"]
[Round "7.1"]
[White "Leko, P"]
[Black "Nepomniachtchi, I"]
[Result "1/2-1/2"]
[WhiteElo "2663"]
[BlackElo "2784"]
[EventDate "2020.07.21"]
[WhiteTitle "GM"]
[BlackTitle "GM"]
[WhiteFideId "703303"]
[BlackFideId "4168119"]

1.d4 Nf6 2.c4 e6 3.Nf3 d5 4.Nc3 c5 5.cxd5 Nxd5 6.e4 Nxc3 7.bxc3 cxd4 8.
cxd4 Bb4+ 9.Bd2 Bxd2+ 10.Qxd2 O-O 11.Bc4 Nd7 12.O-O b6 13.Rad1 Bb7 14.Rfe1
Rc8 15.Bb3 h6 16.Re3 Nf6 17.d5 exd5 18.exd5 Qd6 19.Nh4 Rfe8 20.Nf5 Qd7 21.
Rf3 Bxd5 22.Nxh6+ gxh6 23.Rxf6 Qe7 24.Rf4 Bxb3 25.axb3 Qe2 26.g3 Qxd2 27.
Rxd2 Rcd8 28.Ra2 Rd7 29.Rfa4 Re1+ 30.Kg2 Rb1 31.Rxa7 Rxa7 32.Rxa7 Rxb3 33.
g4 Kg7 34.f3 Rb5 35.Kg3 h5 36.h3 hxg4 37.hxg4 Rb3 38.Rb7 Kg6 39.Kf4 Rb4+ 
40.Kg3 Rb3 41.Kf4 Rb4+ 42.Kg3 f5 1/2-1/2

[Event "Legends of Chess Prelim"]
[Site "chess24.com INT"]
[Date "2020.07.25"]
[Round "5.3"]
[White "Anand, V"]
[Black "Leko, P"]
[Result "1/2-1/2"]
[WhiteElo "2753"]
[BlackElo "2663"]
[EventDate "2020.07.21"]
[WhiteTitle "GM"]
[BlackTitle "GM"]
[WhiteFideId "5000017"]
[BlackFideId "703303"]

1.e4 e5 2.Nf3 Nc6 3.Bb5 Nf6 4.d3 Bc5 5.Bxc6 dxc6 6.Nbd2 Nd7 7.Nc4 f6 8.c3 
Nb6 9.b4 Bd6 10.Na5 O-O 11.Be3 Re8 12.O-O Nd7 13.Nd2 Nf8 14.d4 Qd7 15.dxe5
fxe5 16.Nac4 Ng6 17.a4 Qf7 18.Qf3 Qe7 19.b5 Be6 20.bxc6 bxc6 21.Rfb1 Rf8 
22.Qe2 Nf4 23.Bxf4 Rxf4 24.Nxd6 cxd6 25.Qe3 Rff8 26.Rb4 Rab8 27.Rab1 Qc7 
28.h3 h6 29.Qd3 Kh7 30.Nf1 a5 31.Rxb8 Rxb8 32.Rd1 Rd8 33.Ne3 Kh8 34.c4 Qb6
35.Rb1 Qd4 36.Qc2 Rf8 37.Rd1 Qc5 38.Qd3 Rd8 39.Rb1 Qd4 40.Qc2 Rf8 41.Rd1 
Qc5 42.Qd3 Rd8 43.Rb1 Qd4 1/2-1/2

[Event "Legends of Chess Prelim"]
[Site "chess24.com INT"]
[Date "2020.07.25"]
[Round "5.3"]
[White "Giri, A"]
[Black "Gelfand, B"]
[Result "1/2-1/2"]
[WhiteElo "2764"]
[BlackElo "2676"]
[EventDate "2020.07.21"]
[WhiteTitle "GM"]
[BlackTitle "GM"]
[WhiteFideId "24116068"]
[BlackFideId "2805677"]

1.Nf3 c5 2.c3 d5 3.d4 Nf6 4.e3 Nbd7 5.Be2 g6 6.O-O Bg7 7.b3 O-O 8.Bb2 b6 
9.Nbd2 Bb7 10.Rc1 Rc8 11.c4 cxd4 12.Bxd4 Nc5 13.b4 Ne6 14.Be5 Qd7 15.Qb3 
Rfd8 16.Rfd1 Qe8 17.c5 bxc5 18.bxc5 Bc6 19.Qa3 Ba4 20.Nb3 Ne4 21.Bxg7 Kxg7
22.Nfd4 Nxd4 23.exd4 e5 24.Qb2 f6 25.Re1 Bxb3 26.axb3 exd4 27.Qxd4 Qe5 28.
Qxe5 fxe5 29.b4 Rc7 30.Bd3 Rb8 31.Bxe4 dxe4 32.Rc4 Rcb7 33.Ra1 Rxb4 34.
Rxb4 Rxb4 35.Rxa7+ Kf6 36.Kf1 h5 37.c6 Rc4 38.c7 h4 39.Ra4 Rxc7 40.Rxe4 g5
41.h3 Kf5 42.f3 Rc1+ 43.Kf2 Rc2+ 44.Kg1 Rc1+ 45.Kh2 Ra1 46.Rb4 Re1 47.Rc4 
e4 48.fxe4+ Rxe4 49.Rc5+ Kg6 50.Rc6+ Kf5 51.Rc5+ Kg6 52.Rc6+ Kf5 53.Rc5+ 
1/2-1/2

[Event "Legends of Chess Prelim"]
[Site "chess24.com INT"]
[Date "2020.07.24"]
[Round "4.4"]
[White "Anand, V"]
[Black "Giri, A"]
[Result "1/2-1/2"]
[WhiteElo "2753"]
[BlackElo "2764"]
[EventDate "2020.07.21"]
[WhiteTitle "GM"]
[BlackTitle "GM"]
[WhiteFideId "5000017"]
[BlackFideId "24116068"]

1.e4 e5 2.Nf3 Nc6 3.Bb5 Nf6 4.O-O Nxe4 5.Re1 Nd6 6.Nxe5 Be7 7.Bf1 Nxe5 8.
Rxe5 O-O 9.d4 Bf6 10.Re1 Re8 11.Bf4 Rxe1 12.Qxe1 Ne8 13.c3 d5 14.Nd2 Bf5 
15.Qe3 Nd6 16.Qg3 Bh4 17.Qf3 Bg5 18.Bxd6 Qxd6 19.Qxf5 Bxd2 20.Rd1 g6 21.
Qe5 Bf4 22.Qxd6 Bxd6 23.Re1 Kf8 24.g3 Re8 25.Rxe8+ Kxe8 26.Bg2 c6 27.Kf1 
Ke7 28.Ke2 f5 29.Kd3 Ke6 30.b3 Be7 31.h3 Bd6 32.c4 b6 33.cxd5+ cxd5 34.g4 
fxg4 35.hxg4 g5 36.Bf3 a5 37.a4 h6 38.Bg2 Bf4 39.Bf3 Bd6 40.Bg2 Bf4 
1/2-1/2

[Event "Legends of Chess Prelim"]
[Site "chess24.com INT"]
[Date "2020.07.24"]
[Round "4.1"]
[White "Nepomniachtchi, I"]
[Black "Ivanchuk, V"]
[Result "1/2-1/2"]
[WhiteElo "2784"]
[BlackElo "2678"]
[EventDate "2020.07.21"]
[WhiteTitle "GM"]
[BlackTitle "GM"]
[WhiteFideId "4168119"]
[BlackFideId "14100010"]

1.e4 e5 2.Nf3 Nc6 3.Bb5 a6 4.Ba4 Nf6 5.O-O Be7 6.d3 b5 7.Bb3 d6 8.a3 O-O 
9.Nc3 Nb8 10.h3 Nbd7 11.Ba2 Bb7 12.Re1 h6 13.Ne2 Re8 14.Ng3 Bf8 15.Nh4 d5 
16.Nhf5 dxe4 17.dxe4 c5 18.Nd6 Bxd6 19.Qxd6 c4 20.b3 Rc8 21.bxc4 bxc4 22.
Rb1 Re6 23.Qd1 Rb6 24.Rxb6 Nxb6 25.Qxd8+ Rxd8 26.Be3 Na4 27.f3 c3 28.Ne2 
Bc6 29.Bb3 Bb5 30.Kf2 Ne8 31.Rc1 Nd6 32.Bxa4 Bxa4 33.Nxc3 Bc6 34.Rd1 Rd7 
35.Bc5 Nc4 36.Rxd7 Bxd7 37.Ke2 f6 38.Nd5 Bb5 39.Kf2 Ba4 40.c3 Kf7 41.h4 h5
42.Ke2 a5 43.Kf2 Bc2 44.Ne3 Bd3 45.Nf5 g6 46.Ne3 Nxe3 47.Kxe3 Bc4 48.g4 
Ke6 49.Bb6 a4 50.Bd8 Ba6 51.Kf2 Bd3 52.Ke3 Ba6 53.Ba5 Bb5 54.Bb4 Ba6 55.
Bf8 Bb5 56.Bb4 1/2-1/2

[Event "Legends of Chess Prelim"]
[Site "chess24.com INT"]
[Date "2020.07.25"]
[Round "5.3"]
[White "Carlsen, M"]
[Black "Ivanchuk, V"]
[Result "1-0"]
[WhiteElo "2863"]
[BlackElo "2678"]
[EventDate "2020.07.21"]
[WhiteTitle "GM"]
[BlackTitle "GM"]
[WhiteFideId "1503014"]
[BlackFideId "14100010"]

1.d4 Nf6 2.c4 e6 3.Nf3 Bb4+ 4.Nbd2 O-O 5.a3 Be7 6.e4 d6 7.Be2 Nfd7 8.Nb1 
d5 9.Nc3 dxe4 10.Nxe4 Nf6 11.Qc2 Nbd7 12.Nxf6+ Nxf6 13.O-O b6 14.Rd1 Bb7 
15.b4 Be4 16.Qb3 Qc8 17.Ne5 Nd7 18.Qe3 Bb7 19.Nf3 Bf6 20.Bb2 Rd8 21.Rd2 
Nf8 22.h4 Ng6 23.h5 Ne7 24.d5 Bxb2 25.Rxb2 Nf5 26.Qf4 exd5 27.Bd3 Nh6 28.
c5 bxc5 29.bxc5 Ba6 30.Bxa6 Qxa6 31.Nd4 Re8 32.f3 c6 33.Kh2 Rac8 34.Rb3 
Qa5 35.Rc1 f6 36.Rb7 Re5 37.Qh4 Qd2 38.Rc2 Qd3 39.Rcb2 Nf5 40.Nxf5 Qxf5 
41.h6 g5 42.Rg7+ Kh8 43.Qg4 Qf4+ 44.g3 Qxg4 45.fxg4 Rg8 46.Rxa7 1-0

[Event "Legends of Chess Prelim"]
[Site "chess24.com INT"]
[Date "2020.07.23"]
[Round "3.1"]
[White "Ding Liren"]
[Black "Ivanchuk, V"]
[Result "1/2-1/2"]
[WhiteElo "2791"]
[BlackElo "2678"]
[EventDate "2020.07.21"]
[WhiteTitle "GM"]
[BlackTitle "GM"]
[WhiteFideId "8603677"]
[BlackFideId "14100010"]

1.d4 Nf6 2.c4 e6 3.Nf3 b6 4.g3 Ba6 5.b3 Bb4+ 6.Bd2 Be7 7.Nc3 O-O 8.Rc1 d5 
9.cxd5 exd5 10.Bg2 Bb7 11.O-O Na6 12.Ne5 Qc8 13.Bg5 Rd8 14.e3 h6 15.Bxf6 
Bxf6 16.Nd3 Qd7 17.b4 c6 18.a4 Nc7 19.Qb3 Ne6 20.Rfd1 Rac8 21.Qb1 Rc7 22.
h4 g6 23.a5 bxa5 24.bxa5 Ba6 25.Na4 Bxd3 26.Rxd3 Rb7 27.Qc2 Rb5 28.Bh3 Be7
29.Rc3 Rxa5 30.Rxc6 Bd6 31.Kg2 Kg7 32.Nb2 Qe7 33.Nd3 Nf8 34.Nc5 Rb8 35.Qe2
Nh7 36.Nd7 Rd8 37.Nc5 Nf6 38.Kg1 Rb8 39.Bg2 Rab5 40.Nd3 a5 41.Ra6 R8b6 42.
Ra8 Rb8 43.Ra6 R8b6 44.Ra8 Rb8 45.Ra6 1/2-1/2

[Event "Legends of Chess Prelim"]
[Site "chess24.com INT"]
[Date "2020.07.25"]
[Round "5.1"]
[White "Giri, A"]
[Black "Gelfand, B"]
[Result "1/2-1/2"]
[WhiteElo "2764"]
[BlackElo "2676"]
[EventDate "2020.07.21"]
[WhiteTitle "GM"]
[BlackTitle "GM"]
[WhiteFideId "24116068"]
[BlackFideId "2805677"]

1.e4 c5 2.c3 Nf6 3.e5 Nd5 4.Bc4 Nb6 5.Bb3 c4 6.Bc2 d6 7.exd6 Qxd6 8.Na3 g6
9.b3 cxb3 10.axb3 Bg7 11.Nf3 Nc6 12.O-O O-O 13.Nc4 Qc7 14.Nxb6 Qxb6 15.d4 
Qc7 16.Re1 b5 17.Bg5 e6 18.Be4 Bb7 19.Qd3 f5 20.Bxc6 Qxc6 21.h4 a5 22.c4 
bxc4 23.bxc4 a4 24.c5 Qd5 25.Ra3 Bc6 26.Qe3 Rfe8 27.Bh6 Bf6 28.Bg5 Bg7 29.
Bh6 Bf6 30.Bg5 Bg7 1/2-1/2

[Event "Legends of Chess Prelim"]
[Site "chess24.com INT"]
[Date "2020.07.24"]
[Round "4.4"]
[White "Ding Liren"]
[Black "Svidler, P"]
[Result "1-0"]
[WhiteElo "2791"]
[BlackElo "2723"]
[EventDate "2020.07.21"]
[WhiteTitle "GM"]
[BlackTitle "GM"]
[WhiteFideId "8603677"]
[BlackFideId "4102142"]

1.d4 d5 2.c4 c6 3.Nf3 Nf6 4.Nc3 dxc4 5.a4 e6 6.e3 c5 7.Bxc4 Nc6 8.O-O cxd4
9.exd4 Be7 10.Qe2 O-O 11.Rd1 Nd5 12.Bb3 Ncb4 13.Ne5 Bd7 14.Qg4 Nf6 15.Qg3 
Kh8 16.d5 exd5 17.Bxd5 Nbxd5 18.Nxd5 Be6 19.Bh6 Nh5 20.Qf3 Bg5 21.Nf4 Qf6 
22.Bxg5 Qxe5 23.Qxh5 h6 24.h4 Kg8 25.Re1 Qf5 26.g4 1-0

[Event "Legends of Chess Prelim"]
[Site "chess24.com INT"]
[Date "2020.07.22"]
[Round "2.2"]
[White "Gelfand, B"]
[Black "Ivanchuk, V"]
[Result "1/2-1/2"]
[WhiteElo "2676"]
[BlackElo "2678"]
[EventDate "2020.07.21"]
[WhiteTitle "GM"]
[BlackTitle "GM"]
[WhiteFideId "2805677"]
[BlackFideId "14100010"]

1.d4 Nf6 2.c4 g6 3.Nc3 d5 4.cxd5 Nxd5 5.e4 Nxc3 6.bxc3 Bg7 7.Bc4 c5 8.Ne2 
Nc6 9.Be3 O-O 10.O-O Bg4 11.f3 Na5 12.Bxf7+ Rxf7 13.fxg4 Rxf1+ 14.Kxf1 
cxd4 15.cxd4 e5 16.Kg1 Rc8 17.dxe5 Bxe5 18.Qxd8+ Rxd8 19.Rc1 Nc6 20.Nf4 
Bxf4 21.Bxf4 Rd4 22.Bh6 Rxe4 23.Rf1 Re8 24.h3 Ne5 25.Kh2 Nf7 26.Bf4 Re2 
27.a3 Re4 28.Bd2 Ne5 29.Bh6 Nf7 30.Bd2 Ne5 31.Bb4 Nc6 32.Bf8 Nd8 33.Bc5 b6
34.Bd6 Ne6 35.Rc1 Rd4 36.Rc8+ Kf7 37.Bb8 Rd7 38.Be5 Rd8 39.Rc6 Rd3 40.Bb2 
Ke7 41.Rc8 Rd2 42.Bc1 Rd8 43.Rc4 Rd5 44.Be3 Kd7 45.h4 Rd3 46.Bc1 Rd4 47.
Rxd4+ Nxd4 48.Bb2 Ne2 49.g3 Ke6 50.Kg2 Kd5 51.Kf3 Nd4+ 52.Ke3 Ne6 53.h5 a5
54.Kd3 Nc5+ 55.Ke3 Kc4 56.Bf6 b5 57.Kf4 b4 58.axb4 axb4 59.Ba1 b3 60.hxg6 
hxg6 61.Kg5 Ne4+ 62.Kxg6 Nxg3 63.g5 Ne4 64.Kf5 Nxg5 65.Kxg5 b2 66.Bxb2 
1/2-1/2

[Event "Legends of Chess Prelim"]
[Site "chess24.com INT"]
[Date "2020.07.24"]
[Round "4.3"]
[White "Svidler, P"]
[Black "Ding Liren"]
[Result "1/2-1/2"]
[WhiteElo "2723"]
[BlackElo "2791"]
[EventDate "2020.07.21"]
[WhiteTitle "GM"]
[BlackTitle "GM"]
[WhiteFideId "4102142"]
[BlackFideId "8603677"]

1.Nf3 d5 2.g3 g6 3.Bg2 Bg7 4.d4 Nf6 5.O-O O-O 6.c4 c6 7.Qb3 a5 8.cxd5 a4 
9.Qd1 cxd5 10.Nc3 Qa5 11.Bd2 Nc6 12.e3 Qa6 13.Re1 Rd8 14.Bf1 Qa7 15.h3 h6 
16.Qe2 Ne4 17.Rec1 Nxd2 18.Qxd2 e6 19.Bb5 Bd7 20.Bxa4 Nxd4 21.exd4 Bxa4 
22.Nxa4 Qxa4 23.Rc7 Rd7 24.b3 Qb5 25.Rac1 Rxc7 26.Rxc7 Qb6 27.Qf4 Rf8 28.
Rc5 Qb4 29.Kg2 Qa3 30.Rb5 Qxa2 31.Rxb7 Qa6 32.Rb8 Qa7 33.Rxf8+ Bxf8 34.Ne5
Bd6 35.Qf6 Bxe5 36.Qxe5 Qb6 37.Qe3 Qb4 38.h4 h5 39.Qd3 Kg7 40.Qe3 Kg8 41.
Qd3 Kg7 42.Qe3 Kg8 1/2-1/2

[Event "Legends of Chess Prelim"]
[Site "chess24.com INT"]
[Date "2020.07.23"]
[Round "3.3"]
[White "Ding Liren"]
[Black "Ivanchuk, V"]
[Result "1-0"]
[WhiteElo "2791"]
[BlackElo "2678"]
[EventDate "2020.07.21"]
[WhiteTitle "GM"]
[BlackTitle "GM"]
[WhiteFideId "8603677"]
[BlackFideId "14100010"]

1.d4 Nf6 2.c4 e6 3.g3 c5 4.d5 exd5 5.cxd5 b5 6.e4 Nxe4 7.Bg2 Nd6 8.Nf3 Be7
9.O-O O-O 10.Bf4 Na6 11.Re1 Bb7 12.Nc3 b4 13.Bxd6 Bxd6 14.Ne4 Qc7 15.Nfg5 
h6 16.Qh5 Be5 17.d6 Qb6 18.Nxf7 Rxf7 19.Qxe5 c4 20.Bf1 Rc8 21.Rac1 c3 22.
bxc3 Nc5 23.cxb4 Nxe4 24.Rxc8+ Bxc8 25.Qe8+ 1-0

[Event "Legends of Chess Prelim"]
[Site "chess24.com INT"]
[Date "2020.07.24"]
[Round "4.3"]
[White "Carlsen, M"]
[Black "Gelfand, B"]
[Result "1-0"]
[WhiteElo "2863"]
[BlackElo "2676"]
[EventDate "2020.07.21"]
[WhiteTitle "GM"]
[BlackTitle "GM"]
[WhiteFideId "1503014"]
[BlackFideId "2805677"]

1.e4 c5 2.Nf3 Nc6 3.d4 cxd4 4.Nxd4 Qb6 5.Nb3 Nf6 6.Nc3 e6 7.Qe2 Bb4 8.Bd2 
O-O 9.O-O-O d5 10.e5 Nd7 11.f4 a6 12.Qh5 Rd8 13.Bd3 Nf8 14.Rhf1 Be7 15.Rf3
f5 16.g4 g6 17.Qh3 d4 18.Ne2 a5 19.a4 Nb4 20.Bxb4 Qxb4 21.Bb5 Bd7 22.Rxd4 
Bxb5 23.Rxb4 fxg4 24.Qxg4 Bxe2 25.Rd4 Bc5 26.Rxd8 Rxd8 27.Kb1 Rd1+ 28.Ka2 
Rg1 29.Qh3 1-0

[Event "Legends of Chess Prelim"]
[Site "chess24.com INT"]
[Date "2020.07.24"]
[Round "4.1"]
[White "Kramnik, V"]
[Black "Leko, P"]
[Result "1/2-1/2"]
[WhiteElo "2753"]
[BlackElo "2663"]
[EventDate "2020.07.21"]
[WhiteTitle "GM"]
[BlackTitle "GM"]
[WhiteFideId "4101588"]
[BlackFideId "703303"]

1.c4 c5 2.b3 Nf6 3.Bb2 e6 4.Nf3 Be7 5.g3 O-O 6.Bg2 d5 7.cxd5 Nxd5 8.Nc3 
Nc6 9.Qc2 Ndb4 10.Qd1 b6 11.a3 Nd5 12.Nxd5 Qxd5 13.d4 Bb7 14.dxc5 Qxc5 15.
O-O Rfd8 16.Qb1 Qb5 17.b4 Qxe2 18.Re1 Qd3 19.Qc1 Rac8 20.Qf4 Bd6 21.Qh4 
Be7 22.Qh3 Nb8 23.Rxe6 Bxf3 24.Rxe7 Bxg2 25.Qg4 Qg6 26.Qxg6 hxg6 27.Kxg2 
Rc2 28.Bc1 Nc6 29.Re1 f6 30.Be3 Ne5 31.Rec1 Rdc8 32.Rxc2 Rxc2 33.Rd1 Nc4 
34.Rd8+ Kh7 35.Rd3 Ra2 36.Bc1 b5 37.h4 a6 38.Rc3 Kg8 39.g4 Kf7 40.Kg3 Ke6 
41.Rd3 Ra1 42.Rc3 Kd5 43.Rd3+ Ke6 44.Rc3 Kd5 45.Rd3+ Ke6 1/2-1/2

[Event "Legends of Chess Prelim"]
[Site "chess24.com INT"]
[Date "2020.07.21"]
[Round "1.3"]
[White "Leko, P"]
[Black "Ivanchuk, V"]
[Result "1/2-1/2"]
[WhiteElo "2663"]
[BlackElo "2678"]
[EventDate "2020.07.21"]
[WhiteTitle "GM"]
[BlackTitle "GM"]
[WhiteFideId "703303"]
[BlackFideId "14100010"]

1.d4 d6 2.e4 Nf6 3.Nc3 g6 4.Be3 c6 5.Nf3 Nbd7 6.Bd3 Bg7 7.O-O O-O 8.Ne2 e5
9.Ng3 exd4 10.Bxd4 Re8 11.h3 Ne5 12.Nxe5 dxe5 13.Be3 Be6 14.Qe2 h5 15.Rfd1
Qc7 16.a4 Bf8 17.Nf1 Nd7 18.Bc4 Nc5 19.Bxe6 Nxe6 20.Nh2 Bc5 21.Bxc5 Nxc5 
22.Nf3 a5 23.Qe3 Qe7 24.b3 Red8 25.h4 f6 26.g3 Kg7 27.Kg2 Ne6 28.Qc3 Qb4 
29.Qe3 Qc5 30.Qe2 Kf7 31.Rxd8 Rxd8 32.Rd1 Rxd1 33.Qxd1 Ke7 34.Qd3 b5 35.c3
Qb6 36.Nd2 Qc5 37.Kf1 Qa3 38.axb5 cxb5 39.Qxb5 Qc1+ 40.Ke2 Qxc3 41.Qb7+ 
Kf8 42.Qb8+ Kg7 43.Qa7+ Kf8 44.Qb8+ Kg7 45.Qa7+ Kf8 46.Qb8+ 1/2-1/2

[Event "Legends of Chess Prelim"]
[Site "chess24.com INT"]
[Date "2020.07.24"]
[Round "4.2"]
[White "Ivanchuk, V"]
[Black "Nepomniachtchi, I"]
[Result "1/2-1/2"]
[WhiteElo "2678"]
[BlackElo "2784"]
[EventDate "2020.07.21"]
[WhiteTitle "GM"]
[BlackTitle "GM"]
[WhiteFideId "14100010"]
[BlackFideId "4168119"]

1.d4 Nf6 2.c4 g6 3.Nc3 d5 4.Bf4 Bg7 5.e3 O-O 6.Qb3 c5 7.cxd5 cxd4 8.exd4 
Nbd7 9.Be2 Nb6 10.Bf3 Bg4 11.Bxg4 Nxg4 12.Nf3 Nf6 13.d6 exd6 14.O-O Qd7 
15.Nb5 Nc8 16.Rac1 a6 17.Nc7 Ra7 18.Rfe1 b5 19.Nd5 Nxd5 20.Qxd5 h6 21.h4 
Rd8 22.Qe4 Ne7 23.b3 Re8 24.Rc2 Raa8 25.Rce2 Rac8 26.d5 Bc3 27.Bd2 Bxd2 
28.Nxd2 Nf5 29.Qxe8+ Rxe8 30.Rxe8+ Kg7 31.Nf3 Qb7 32.R8e2 Qxd5 33.Rd2 Qc5 
34.Red1 h5 35.Rd5 Qc2 36.R5d2 Qe4 37.Re1 Qf4 38.Red1 Qe4 39.Rd3 Nxh4 40.
Nxh4 Qxh4 41.Rxd6 Qg4 42.R6d4 Qe6 43.g3 Qe2 44.R1d2 Qe1+ 45.Kg2 Qe5 46.Kg1
Qe1+ 47.Kg2 Qe5 48.f3 Qe3 49.R4d3 Qe1 50.Rf2 Qe6 51.Rd4 Qe3 52.Re4 Qd3 53.
Rfe2 Qd1 54.Re1 Qd2+ 55.R1e2 Qd1 56.Re1 Qd2+ 57.R1e2 Qd1 1/2-1/2

[Event "Legends of Chess Prelim"]
[Site "chess24.com INT"]
[Date "2020.07.23"]
[Round "3.2"]
[White "Svidler, P"]
[Black "Gelfand, B"]
[Result "1/2-1/2"]
[WhiteElo "2723"]
[BlackElo "2676"]
[EventDate "2020.07.21"]
[WhiteTitle "GM"]
[BlackTitle "GM"]
[WhiteFideId "4102142"]
[BlackFideId "2805677"]

1.e4 c5 2.Nf3 Nc6 3.Bb5 e6 4.Bxc6 bxc6 5.d3 Qc7 6.Nbd2 e5 7.O-O Ne7 8.Nc4 
f6 9.Bd2 d5 10.Ba5 Qb8 11.Ne3 Be6 12.b4 d4 13.Nc4 cxb4 14.a3 c5 15.Nfd2 
Nc6 16.axb4 cxb4 17.f4 exf4 18.e5 Nxe5 19.Nxe5 fxe5 20.Qh5+ Bf7 21.Qf3 Be7
22.Qc6+ Kf8 23.Nf3 Qe8 24.Nxe5 Qxc6 25.Nxc6 g5 26.Nxe7 Kxe7 27.Bxb4+ Kf6 
28.Ra6+ Kg7 29.Be7 Rhc8 30.Bxg5 Rxc2 31.Bh6+ Kh8 32.Rxf4 Bd5 33.Rg4 Rg8 
34.Bg5 Rg6 35.Bf6+ Kg8 36.Rxg6+ hxg6 37.Bxd4 Rxg2+ 38.Kf1 Rxh2 39.Rxg6+ 
Kf7 40.Rg7+ Ke6 41.Rxa7 1/2-1/2